000
00302nam a2200121Ia 4500
082
_a
5.133
_b
SAL
100
_a
Salaria,R.S
245
_a
Data structures and algorithms using C
250
_a
5th Ed.
260
_b
Khanna Books Publishing Co. Ltd.
_a
N. Delhi
_c
2012
300
_a
516p.
942
_2
ddc
_c
BK
_0
20
999
_c
5491
_d
5491